000 01434nam a2200301Ia 4500
999 _c34888
_d34888
001 710
003 GE_BSU
005 20210712123411.0
008 181216s2011||||ge |||||||||||||| ||geo||
020 _a978994114946
040 _cGE_BSU
041 _ageo
080 _a616.097 ლ-26
100 _aლასარეიშვილი, ბ.
_912226
245 _aლაბორატორიულ სამუშაოთა კრებული იმუნოლოგიაში :
_b [დამხმ. სახელმძღვ. სტუდ.] /
_cბ. ლასარეიშვილი, თ. ბუაჩიძე, ლ. თოფურია ; [სამეცნ. რედ. დავით ლორია] ; სტუ.
264 _aთბილისი :
_bტექ. უნ-ტი,
_c2011.
300 _a69 გვ.;
_bცხრ., ნახ. ;
_c29 სმ.
501 _aდანართი: გვ. 53-64.
504 _aბიბლიოგრ.: გვ. 65.
541 _h4 ლ.
653 _aიმუნოლოგია
653 _aლაბორატორიულ სამუშაოთა კრებული
700 _aბუაჩიძე, თ.
_eავტორი
_91329
700 _aთოფურია, ლ.
_eავტორი
_912227
700 _aლორია, დავით
_eრედაქტორი
_912228
710 _aსტუ
_912229
942 _cBK
_2udc